LEADER 00873nam0-22002891i-450- 001 990005541910403321 005 20070703154243.0 035 $a000554191 035 $aFED01000554191 035 $a(Aleph)000554191FED01 035 $a000554191 100 $a19990604d1976----km-y0itay50------ba 101 0 $aita 105 $ay-------001yy 200 1 $aGenova e Corsica nel Trecento$fdi Giovanna Petti Balbi 210 $aRoma$cIstituto Storico Italiano per il Medio Evo$d1976 215 $a195 p.$d26 cm 225 1 $aIstituto Storico Italiano per il Medio Evo. Studi Storici 676 $a940.19 700 1$aPetti Balbi,$bGiovanna$0183288 801 0$aIT$bUNINA$gRICA$2UNIMARC 901 $aBK 912 $a990005541910403321 952 $a940.19 PET 1$bST.MED.MOD. S.I.$fFLFBC 959 $aFLFBC 996 $aGenova e Corsica nel Trecento$9611161 997 $aUNINA LEADER 00771nam0-22003011i-450 001 990003337560403321 005 20230426111749.0 035 $a000333756 035 $aFED01000333756 035 $a(Aleph)000333756FED01 035 $a000333756 100 $a20001010d1950----km-y0itay50------ba 101 0 $aeng 102 $aGB 105 $ay-------001yy 200 1 $aSelected poems$fby John Masefield 210 $aLondon$cWilliam Heinemann$d1950 215 $aX, 129 p.$d19 cm 676 $a821.912 700 1$aMasefield,$bJohn$0132333 801 0$aIT$bUNINA$gRICA$2UNIMARC 901 $aBK 912 $a990003337560403321 952 $a045 MAS$bLINGUE 032986$fDECLI 959 $aDECLI 996 $aSELECTED POEMS$9448493 997 $aUNINA DB $aING01